Guess the vkei band - Statistics

General Stats
  • This quiz has been taken 52 times
  • The average score is 4 of 16
Answer Stats
Picture Answer % Correct
senketsuakochan
62%
versailles
62%
xaaxaa
59%
lareine
43%
glamscure
38%
exist trace
30%
femme fatale
30%
L'Arc En Ciel
27%
hakidame
16%
Luna sea
16%
mamireta
14%
hitchcock
11%
jigsaw
8%
MAMA.
8%
acme
3%
hollowgram (c)
3%
No matching quizzes found
Score Distribution
Percent of People with Each Score
Percentile by Number Answered
Your Score History
You have not taken this quiz